00486cam a2200157ua 450000100060000000800390000602000150004504000090006008200110006910000320008024501150011225000210022726000480024830000100029665300220030610892190507n ii |||gr||||Z||||||eng a8171699685 cMAIN a320.03 aArchna Chaturvedi,eAuthor. aEncyclopaedia of political science : bReforming indian political system volume-10 / cBy Archna Chaturvedi .  a1st ed. / bV.X. aNew Delhi:bCommonwealth publishers,c2017. a365p. aPolitical science